Ants genera - Statistics

General Stats
  • This quiz has been taken 88 times
    87 since last reset
  • The average score is 44 of 347
Answer Stats
Subfamily Tribe Genus % Correct
Myrmicinae Attini Atta
83%
Formicinae Lasiini Lasius
80%
Myrmicinae Solenopsidini Solenopsis
80%
Formicinae Camponotini Camponotus
78%
Formicinae Formicini Formica
76%
Myrmicinae Crematogastrini Crematogaster
73%
Myrmicinae Attini Acromyrmex
68%
Myrmicinae Myrmicini Myrmica
68%
Ponerinae Ponerini Ponera
66%
Paraponerinae No Tribe name Paraponera
63%
Myrmicinae Stenammini Messor
61%
Ponerinae Ponerini Odontomachus
61%
Myrmicinae Attini Pheidole
61%
Myrmicinae Crematogastrini Tetramorium
61%
Dorylinae No Tribe name Dorylus
59%
Formicinae Oecophyllini Oecophylla
59%
Dolichoderinae Dolichoderini Dolichoderus
56%
Dorylinae No Tribe name Eciton
56%
Myrmeciinae Myrmeciini Myrmecia
56%
Formicinae Camponotini Dinomyrmex
54%
Myrmicinae Attini Cephalotes
51%
Formicinae Camponotini Colobopsis
51%
Myrmicinae Solenopsidini Monomorium
51%
Myrmicinae Pogonomyrmecini Pogonomyrmex
51%
Formicinae Camponotini Polyrhachis
51%
Pseudomyrmecinae No Tribe name Tetraponera
49%
Ponerinae Ponerini Dinoponera
46%
Dolichoderinae Tapinomini Tapinoma
46%
Myrmicinae Stenammini Aphaenogaster
44%
Myrmicinae Crematogastrini Carebara
44%
Dolichoderinae Leptomyrmecini Iridomyrmex
44%
Dolichoderinae Leptomyrmecini Leptomyrmex
44%
Myrmicinae Crematogastrini Acanthomyrmex
41%
Ectatomminae Ectatommini Ectatomma
41%
Ponerinae Ponerini Harpegnathos
41%
Ectatomminae Heteroponerini Heteroponera
41%
Dolichoderinae Leptomyrmecini Linepithema
41%
Formicinae Plagiolepidini Anoplolepis
39%
Formicinae Lasiini Myrmecocystus
39%
Ponerinae Ponerini Neoponera
39%
Pseudomyrmecinae No Tribe name Pseudomyrmex
39%
Myrmicinae Attini Strumigenys
39%
Ponerinae Ponerini Megaponera
37%
Formicinae Plagiolepidini Plagiolepis
37%
Formicinae Lasiini Pseudolasius
37%
Ectatomminae Ectatommini Rhytidoponera
37%
Myrmicinae Crematogastrini Temnothorax
37%
Amblyoponinae Amblyoponini Amblyopone
34%
Formicinae Formicini Cataglyphis
34%
Ponerinae Ponerini Hypoponera
34%
Myrmicinae Myrmicini Manica
34%
Dolichoderinae Bothriomyrmecini Bothriomyrmex
32%
Myrmicinae Crematogastrini Myrmecina
32%
Dolichoderinae Leptomyrmecini Dorymyrmex
29%
Formicinae Gigantiopini Gigantiops
29%
Formicinae Lasiini Paratrechina
29%
Formicinae Formicini Polyergus
29%
Myrmicinae Attini Wasmannia
29%
Formicinae Myrmelachistini Brachymyrmex
27%
Ponerinae Ponerini Diacamma
27%
Ponerinae Ponerini Leptogenys
27%
Myrmicinae Stenammini Novomessor
27%
Ponerinae Ponerini Odontoponera
27%
Formicinae Formicini Proformica
27%
Amblyoponinae Amblyoponini Stigmatomma
27%
Myrmicinae Attini Acanthognathus
24%
Dorylinae No Tribe name Acanthostichus
24%
Dolichoderinae Leptomyrmecini Azteca
24%
Myrmicinae Attini Daceton
24%
Myrmicinae Crematogastrini Leptothorax
24%
Formicinae Lasiini Prenolepis
24%
Ponerinae Ponerini Pseudoponera
24%
Myrmicinae Stenammini Stenamma
24%
Agroecomyrmecinae Ankylomyrmini Ankylomyrma
22%
Ponerinae Ponerini Brachyponera
22%
Dorylinae No Tribe name Neivamyrmex
22%
Formicinae Lasiini Nylanderia
22%
Formicinae Melophorini Prolasius
22%
Myrmicinae Attini Trachymyrmex
22%
Myrmicinae Attini Cyatta
20%
Dorylinae No Tribe name Labidus
20%
Dorylinae No Tribe name Ooceraea
20%
Ectatomminae Heteroponerini Acanthoponera
17%
Aneuretinae Aneuretini Aneuretus
17%
Apomyrminae No Tribe name Apomyrma
17%
Ponerinae Ponerini Austroponera
17%
Myrmicinae Crematogastrini Cardiocondyla
17%
Ponerinae Ponerini Euponera
17%
Ponerinae Ponerini Fisheropone
17%
Myrmicinae Crematogastrini Formicoxenus
17%
Martialinae No Tribe name Martialis
17%
Myrmicinae Crematogastrini Meranoplus
17%
Myrmicinae Solenopsidini Myrmicaria
17%
Dolichoderinae Leptomyrmecini Ochetellus
17%
Ponerinae Ponerini Pachycondyla
17%
Myrmicinae Crematogastrini Proatta
17%
Dorylinae No Tribe name Aenictus
15%
Myrmicinae Solenopsidini Chelaner
15%
Myrmicinae Crematogastrini Huberia
15%
Leptanillinae Leptanillini Leptanilla
15%
Dolichoderinae Tapinomini Liometopum
15%
Myrmicinae Attini Mycocepurus
15%
Formicinae Myrmoteratini Myrmoteras
15%
Ectatomminae Typhlomyrmecini Typhlomyrmex
15%
Formicinae Plagiolepidini Acropyga
12%
Formicinae Formicini Alloformica
12%
Leptanillinae Anomalomyrmini Anomalomyrma
12%
Ponerinae Ponerini Boloponera
12%
Formicinae Plagiolepidini Lepisiota
12%
Formicinae Melophorini Melophorus
12%
Dorylinae No Tribe name Nomamyrmex
12%
Myrmeciinae Prionomyrmecini Nothomyrmecia
12%
Formicinae Lasiini Paraparatrechina
12%
Proceratiinae Probolomyrmecini Probolomyrmex
12%
Myrmicinae Crematogastrini Strongylognathus
12%
Dolichoderinae Tapinomini Technomyrmex
12%
Myrmicinae Stenammini Veromessor
12%
Myrmicinae Solenopsidini Adelomyrmex
10%
Myrmicinae Attini Allomerus
10%
Myrmicinae Attini Amoimyrmex
10%
Ponerinae Ponerini Anochetus
10%
Myrmicinae Solenopsidini Austromorium
10%
Formicinae Camponotini Echinopla
10%
Formicinae Gesomyrmecini Gesomyrmex
10%
Formicinae Myrmelachistini Myrmelachista
10%
Amblyoponinae Amblyoponini Mystrium
10%
Myrmicinae Attini Orectognathus
10%
Ponerinae Platythyreini Platythyrea
10%
Proceratiinae Proceratiini Proceratium
10%
Ponerinae Ponerini Pseudoneoponera
10%
Formicinae Santschiellini Santschiella
10%
Myrmicinae Attini Sericomyrmex
10%
Ponerinae Ponerini Thaumatomyrmex
10%
Myrmicinae Crematogastrini Adlerzia
7%
Myrmicinae Attini Apterostigma
7%
Ponerinae Ponerini Bothroponera
7%
Formicinae Camponotini Calomyrmex
7%
Myrmicinae Crematogastrini Cataulacus
7%
Dolichoderinae Leptomyrmecini Forelius
7%
Myrmicinae Crematogastrini Harpagoxenus
7%
Dorylinae No Tribe name Lioponera
7%
Ponerinae Ponerini Loboponera
7%
Leptanillinae No Tribe name Opamyrma
7%
Ponerinae Ponerini Paltothyreus
7%
Myrmicinae Attini Pseudoatta
7%
Agroecomyrmecinae Agroecomyrmicini Tatuidris
7%
Myrmicinae Crematogastrini Trichomyrmex
7%
Myrmicinae Solenopsidini Tyrannomyrmex
7%
Amblyoponinae Amblyoponini Adetomyrma
5%
Myrmicinae Crematogastrini Calyptomyrmex
5%
Dorylinae No Tribe name Cerapachys
5%
Ponerinae Ponerini Cryptopone
5%
Myrmicinae Crematogastrini Diplomorium
5%
Proceratiinae Proceratiini Discothyrea
5%
Ponerinae Ponerini Ectomomyrmex
5%
Formicinae Lasiini Euprenolepis
5%
Myrmicinae Crematogastrini Eutetramorium
5%
Amblyoponinae Amblyoponini Fulakora
5%
Myrmicinae Stenammini Goniomma
5%
Formicinae Formicini Iberoformica
5%
Myrmicinae Crematogastrini Indomyrma
5%
Ponerinae Ponerini Mayaponera
5%
Myrmicinae Crematogastrini Mayriella
5%
Myrmicinae Solenopsidini Megalomyrmex
5%
Myrmicinae Crematogastrini Melissotarsus
5%
Ponerinae Ponerini Mesoponera
5%
Myrmicinae Crematogastrini Metapone
5%
Myrmicinae Attini Microdaceton
5%
Amblyoponinae Amblyoponini Myopopone
5%
Myrmicinae Solenopsidini Stegomyrmex
5%
Ectatomminae Ectatommini Stictoponera
5%
Dorylinae No Tribe name Zasphinctus
5%
Myrmicinae Crematogastrini Ancyridris
2%
Ponerinae Ponerini Asphinctopone
2%
Dolichoderinae Tapinomini Axinidris
2%
Myrmicinae Attini Basiceros
2%
Uncertain subfamily No Tribe name Condylodon
2%
Myrmicinae Solenopsidini Cryptomyrmex
2%
Myrmicinae Attini Cyphomyrmex
2%
Myrmicinae Attini Eurhopalothrix
2%
Myrmicinae Crematogastrini Gauromyrmex
2%
Ectatomminae Ectatommini Gnamptogenys
2%
Ectatomminae Ectatommini Holcoponera
2%
Ponerinae Ponerini Igaponera
2%
Myrmicinae Attini Ishakidris
2%
Myrmicinae Attini Kalathomyrmex
2%
Dorylinae No Tribe name Leptanilloides
2%
Myrmicinae Crematogastrini Liomyrmex
2%
Myrmicinae Crematogastrini Lordomyrma
2%
Formicinae Lasiini Metalasius
2%
Myrmicinae Attini Mycetomoellerius
2%
Myrmicinae Attini Mycetophylax
2%
Ponerinae Ponerini Myopias
2%
Myrmicinae Attini Myrmicocrypta
2%
Formicinae Melophorini Notostigma
2%
Myrmicinae Crematogastrini Ocymyrmex
2%
Formicinae Camponotini Opisthopsis
2%
Myrmicinae Stenammini Oxyopomyrmex
2%
Ponerinae Ponerini Parvaponera
2%
Formicinae Plagiolepidini Petalomyrmex
2%
Myrmicinae Crematogastrini Podomyrma
2%
Ectatomminae Ectatommini Poneracantha
2%
Leptanillinae Anomalomyrmini Protanilla
2%
Myrmicinae Crematogastrini Rhopalomastix
2%
Myrmicinae Attini Rhopalothrix
2%
Formicinae Formicini Rossomyrmex
2%
Myrmicinae Crematogastrini Vollenhovia
2%
Myrmicinae Crematogastrini Xenomyrmex
2%
Amblyoponinae Amblyoponini Xymmer
2%
Leptanillinae Leptanillini Yavnella
2%
Dorylinae No Tribe name Yunodorylus
2%
Dorylinae No Tribe name Aenictogiton
0%
Formicinae Plagiolepidini Agraulomyrmex
0%
Ectatomminae Ectatommini Alfaria
0%
Dolichoderinae Leptomyrmecini Anillidris
0%
Myrmicinae Solenopsidini Anillomyrma
0%
Dolichoderinae Leptomyrmecini Anonychomyrma
0%
Formicinae Plagiolepidini Aphomomyrmex
0%
Dolichoderinae Tapinomini Aptinoma
0%
Myrmicinae Crematogastrini Aretidris
0%
Dolichoderinae Bothriomyrmecini Arnoldius
0%
Myrmicinae Crematogastrini Atopomyrmex
0%
Ectatomminae Heteroponerini Aulacopone
0%
Formicinae Formicini Bajcaridris
0%
Myrmicinae Solenopsidini Baracidris
0%
Myrmicinae Solenopsidini Bariamyrma
0%
Ectatomminae Heteroponerini Bazboltonia
0%
Ponerinae Ponerini Belonopelta
0%
Myrmicinae Attini Blepharidatta
0%
Myrmicinae Solenopsidini Bondroitia
0%
Formicinae Plagiolepidini Bregmatomyrma
0%
Ponerinae Ponerini Buniapone
0%
Ponerinae Ponerini Centromyrmex
0%
Dorylinae No Tribe name Cheliomyrmex
0%
Myrmicinae Attini Chimaeridris
0%
Dolichoderinae Bothriomyrmecini Chronoxenus
0%
Dorylinae No Tribe name Chrysapace
0%
Formicinae Lasiini Cladomyrma
0%
Myrmicinae Attini Colobostruma
0%
Ponerinae Ponerini Corrieopone
0%
Dorylinae No Tribe name Cylindromyrmex
0%
Myrmicinae Crematogastrini Cyphoidris
0%
Myrmicinae Crematogastrini Dacatria
0%
Myrmicinae Crematogastrini Dacetinops
0%
Myrmicinae Attini Diaphoromyrma
0%
Myrmicinae Crematogastrini Dicroaspis
0%
Myrmicinae Crematogastrini Dilobocondyla
0%
Dolichoderinae Leptomyrmecini Doleromyrma
0%
Ponerinae Ponerini Dolioponera
0%
Myrmicinae Solenopsidini Dolopomyrmex
0%
Dorylinae No Tribe name Eburopone
0%
Dolichoderinae Tapinomini Ecphorella
0%
Ponerinae Ponerini Emeryopone
0%
Myrmicinae Solenopsidini Epelysidris
0%
Myrmicinae Attini Epopostruma
0%
Myrmicinae Solenopsidini Erromyrma
0%
Dorylinae No Tribe name Eusphinctus
0%
Ponerinae Ponerini Feroponera
0%
Myrmicinae Crematogastrini Formosimyrma
0%
Dolichoderinae Leptomyrmecini Froggattella
0%
Myrmicinae Crematogastrini Gaoligongidris
0%
Dolichoderinae Leptomyrmecini Gracilidris
0%
Ponerinae Ponerini Hagensia
0%
Myrmicinae Pogonomyrmecini Hylomyrma
0%
Uncertain subfamily No Tribe name Hypochira
0%
Ponerinae Ponerini Iroponera
0%
Myrmicinae Crematogastrini Kartidris
0%
Myrmicinae Solenopsidini Kempfidris
0%
Myrmicinae Attini Lachnomyrmex
0%
Myrmicinae Crematogastrini Lasiomyrma
0%
Formicinae Melophorini Lasiophanes
0%
Myrmicinae Attini Lenomyrmex
0%
Dorylinae No Tribe name Lividopone
0%
Myrmicinae Crematogastrini Lophomyrmex
0%
Dolichoderinae Bothriomyrmecini Loweriella
0%
Myrmicinae Crematogastrini Malagidris
0%
Myrmicinae Attini Mesostruma
0%
Myrmicinae Attini Mycetagroicus
0%
Myrmicinae Attini Mycetarotes
0%
Myrmicinae Attini Mycetosoritis
0%
Pseudomyrmecinae No Tribe name Myrcidris
0%
Formicinae Melophorini Myrmecorhynchus
0%
Dolichoderinae Leptomyrmecini Nebothriomyrmex
0%
Dorylinae No Tribe name Neocerapachys
0%
Myrmicinae Crematogastrini Nesomyrmex
0%
Leptanillinae Leptanillini Noonilla
0%
Formicinae Melophorini Notoncus
0%
Myrmicinae Attini Ochetomyrmex
0%
Myrmicinae Attini Octostruma
0%
Amblyoponinae Amblyoponini Onychomyrmex
0%
Ponerinae Ponerini Ophthalmopone
0%
Formicinae Camponotini Overbeckia
0%
Myrmicinae Solenopsidini Oxyepoecus
0%
Dolichoderinae Leptomyrmecini Papyrius
0%
Myrmicinae Attini Paramycetophylax
0%
Dorylinae No Tribe name Parasyscia
0%
Myrmicinae Crematogastrini Paratopula
0%
Myrmicinae Attini Paratrachymyrmex
0%
Myrmicinae Pogonomyrmecini Patagonomyrmex
0%
Myrmicinae Crematogastrini Perissomyrmex
0%
Myrmicinae Crematogastrini Peronomyrmex
0%
Myrmicinae Attini Phalacromyrmex
0%
Dolichoderinae Leptomyrmecini Philidris
0%
Ponerinae Ponerini Phrynoponera
0%
Myrmicinae Attini Pilotrochus
0%
Ponerinae Ponerini Plectroctena
0%
Myrmicinae Crematogastrini Poecilomyrma
0%
Amblyoponinae Amblyoponini Prionopelta
0%
Myrmicinae Crematogastrini Pristomyrmex
0%
Myrmicinae Attini Procryptocerus
0%
Ponerinae Ponerini Promyopias
0%
Myrmicinae Crematogastrini Propodilobus
0%
Myrmicinae Attini Protalaridris
0%
Ponerinae Ponerini Psalidomyrmex
0%
Formicinae Melophorini Pseudonotoncus
0%
Ponerinae Ponerini Rasopone
0%
Dolichoderinae Bothriomyrmecini Ravavy
0%
Myrmicinae Crematogastrini Recurvidris
0%
Myrmicinae Solenopsidini Rogeria
0%
Myrmicinae Crematogastrini Romblonella
0%
Myrmicinae Crematogastrini Rostromyrmex
0%
Myrmicinae Crematogastrini Rotastruma
0%
Myrmicinae Crematogastrini Royidris
0%
Leptanillinae Leptanillini Scyphodon
0%
Myrmicinae Crematogastrini Secostruma
0%
Ponerinae Ponerini Simopelta
0%
Dorylinae No Tribe name Simopone
0%
Dorylinae No Tribe name Sphinctomyrmex
0%
Myrmicinae Crematogastrini Stereomyrmex
0%
Formicinae Melophorini Stigmacros
0%
Ponerinae Ponerini Streblognathus
0%
Myrmicinae Solenopsidini Syllophopsis
0%
Dorylinae No Tribe name Syscia
0%
Myrmicinae Attini Talaridris
0%
Dorylinae No Tribe name Tanipone
0%
Formicinae Plagiolepidini Tapinolepis
0%
Myrmicinae Crematogastrini Terataner
0%
Formicinae Melophorini Teratomyrmex
0%
Myrmicinae Crematogastrini Tetheamyrma
0%
Myrmicinae Attini Tranopelta
0%
Myrmicinae Solenopsidini Tropidomyrmex
0%
Dolichoderinae Leptomyrmecini Turneria
0%
Dorylinae No Tribe name Vicinopone
0%
Myrmicinae Crematogastrini Vitsika
0%
Myrmicinae Crematogastrini Vombisidris
0%
Myrmicinae Attini Xerolitor
0%
Formicinae Lasiini Zatania
0%
No matching quizzes found
Score Distribution
Percent of People with Each Score
Percentile by Number Answered
Your Score History
You have not taken this quiz since the last reset